| 000 | 00403nam a22001697a 4500 | ||
|---|---|---|---|
| 003 | MPLRDC | ||
| 005 | 20220104164109.0 | ||
| 008 | 210129b ||||| |||| 00| 0 eng d | ||
| 020 | _a0-586-04320-9 | ||
| 082 | _a870.57 COPa | ||
| 100 | _aWILLIAM COPELAND | ||
| 245 |
_aFIVE HOURS FROM ISFAHAN _c |
||
| 260 |
_a _bGRANADA PUBLISHING _c1975 |
||
| 300 | _b平 | ||
| 650 | _a | ||
| 942 |
_cBK _o870.57 COPa |
||
| 999 |
_c56794 _d56784 |
||